=LDR 00000nam 2200000 4500 =001 INLIS000000000046678 =005 20150421120916.0 =006 =007 =008 =035 ##$$0010-041500000000160 =082 ##$$a 813.k =090 ##$$a 813.k jau m.1 =100 ##$$a jaman jauhar =245 ##$$a novel super konyol =260 ##$$a idola ota =300 ##$$a hln. 146 =850 ##$$a NPBMAT =990 ##$$a 0001/BPAP-NTB/20142015